000 01665nam a2200433 a 4500
003 BLK
005 20230731164406.0
008 180408b bul|||||r ||||||| ||bul||
010 _aKNG00054627000
040 _aBLK
041 _aBUL
_cRUS
080 _aМузиканти-творци, композитори
_b78.071.1
_x(44)(092)
_z78.071.1(44)(092)
080 _b929 Офенбах, Жак
_z929 Офенбах, Жак
100 1 _aСолертински, Иван Иванович
_eпърви автор
_9122073
139 _aСолертински, Иван Иванович
_bО 96
245 1 0 _aЖак Офенбах
_cИван Иванович Солертински; прев. от рус. Агапия Димитрова Баларева.
257 _aSUN
260 _bНаука и изкуство
_c1960
_aСофия
300 _a44 с.
_c16 см
380 _a7
490 _aВ помощ на слушателя
_v41
600 1 4 _aОфенбах, Жак
_9105129
650 4 _aКомпозитори - биографии
_9246095
650 4 _aКомпозитори, френски
_9256945
650 4 _aОфенбах, Жак
_9105129
651 4 _aФранция
_9179722
653 _aкомпозитори
653 _aбиографии
653 _aФранция
653 _aЖак Офенбах
700 _aБаларева, Агапия Димитрова
_d1929-2017
_9308555
852 _aЦб І 3811
_bЦб
856 4 _qpdf
856 4 _qpdf
942 _cKNG
_n0
944 _aCR
_c14.06.2011
_lТеодора Пейчева-Дянкова
_k30556
944 _aED
_c19.07.2023
999 _c50747
_d50747
999 _d50747